Online Catalogue and eLibrary

Pablo Picasso (Record no. 3208)

MARC details
000 -LEADER
fixed length control field 00330nam a2200145Ia 4500
005 - DATE AND TIME OF LATEST TRANSACTION
control field 20240924011011.0
008 - FIXED-LENGTH DATA ELEMENTS--GENERAL INFORMATION
fixed length control field 240331s9999 xx 000 0 und d
082 ## - DDC Classification
Item Number - Author Mark DAM
Class No. 750
100 ## - MAIN ENTRY--PERSONAL NAME
Personal name Damse, J
245 #0 - TITLE STATEMENT
Title Pablo Picasso
260 ## - PUBLICATION, DISTRIBUTION, ETC.
Place of publication, distribution, etc. London
Name of publisher, distributor, etc. Blandford press
Date of publication, distribution, etc. 1965
300 ## - PHYSICAL DESCRIPTION
Extent (e.g. Volumes, Pages etc.) 90 p .,
650 ## - SUBJECT ADDED ENTRY--TOPICAL TERM
Topical term or geographic name entry element Art Series
942 ## - Koha item type (Biblio)
Koha item type Books in Stacks (Lending)
Holdings
Lost status Damaged status Collection code Home library Current library Shelving location Date acquired Full call number Accession Number Item type
    Lending WERC Library WERC Library Social Science Cupboard 03/31/2024 750 DAM 3170 Books in Stacks (Lending)

© WERC Library